البغاء فى القاهرة : (Record no. 43269)
[ view plain ]
| 000 -الفاتح | |
|---|---|
| حقل البيانات ثابتة الطول | 00772nam a2200193Ia 4500 |
| 005 - وقت وتاريخ اخر تعامل مع التسجيلة | |
| رقم الضبط | 20240530103906.0 |
| 008 - عناصر البيانات ثابتة الطول - معلومات عامة | |
| حقل البيانات ثابتة الطول | 140319s9999 xx 000 0 ara d |
| 040 ## - مصدر الفهرسة | |
| وكالة الفهرسة الأصلية | GCL / |
| وكالة النسخ | GCL |
| 082 04 - رقم تصنيف ديوى العشرى | |
| رقم التصنيف | 301.4154/ |
| رقم المادة | م ب |
| 110 0# - المدخل الرئيسى - إسم هيئة | |
| رمز الرابط | المركز القومى للبحوث الاجتماعية والجنائية |
| 245 10 - بيان العنوان | |
| العنوان | البغاء فى القاهرة : |
| بقية العنوان | مسح اجتماعى ودراسة اكلينيكية / |
| بيان المسئوليه,etc | المركز القومى للبحوث الاجتماعية والجنائية |
| 260 ## - PUBLICATION, DISTRIBUTION, ETC. (IMPRINT) | |
| تاريخ النشر أو التوزيع | 1961. |
| 300 ## - الوصف المادى | |
| التعداد | 270 |
| 490 ## - بيان السلسلة | |
| عنوان السلسلة | كتاب |
| رقم المجلد/ التعيين التسلسلي | 0 |
| 650 04 - المدخل الاضافى بالموضوع-مصطلح موضوعى | |
| مصطلح موضوعي | البحوث الاجتماعية |
| 650 04 - المدخل الاضافى بالموضوع-مصطلح موضوعى | |
| مصطلح موضوعي | البغاء |
| 942 ## - عناصر المدخل الإضافي( كوها) | |
| مصدر التصنيف او مخطط الترفيف | Dewey Decimal Classification |
| Koha [default] item type | كتاب |
| 260 ## - PUBLICATION, DISTRIBUTION, ETC. (IMPRINT) | |
| -- | القاهرة : |
| -- | المركز القومى للبحوث الاجتماعية والجنائية، |
| حالة التراجع | حالة الفقد | حالة تلف | ليس للاعارة | المكان المؤقت | الموقع الحالى | تاريخ الاكتساب | اجمالي اﻻعارات | رقم الطلب | الباركود | تاريخ اخر مشاهدة | تاريخ تفعيل السعر | نوع وعاء كوها | مصدر التصنيف او خطة الترفيف | موقع الترفيف |
|---|---|---|---|---|---|---|---|---|---|---|---|---|---|---|
| مكتبة القاهرة الكبرى | مكتبة القاهرة الكبرى | 03/26/2014 | 301.4154\م | 104673 | 03/26/2014 | 03/26/2014 | كتاب | |||||||
| مكتبة القاهرة الكبرى | مكتبة القاهرة الكبرى | 01/10/2022 | 301.4154/ م ب | 167247 | 01/10/2022 | 01/10/2022 | كتاب | ddc | ق الرئيسية_العلوم الاجتماعية_ك عربى |

